00826nam a2200193 a 450000100100000000500170001000800410002704000250006808200160009310000340010924500660014326000610020930000240027050000780029404900090037295201140038195201200049599900170061500003167720200930063110.0091118s1972 dr c 000 0 spa d aDO-SdBNPbspacBNPHU assssbP328n1 aPaulino, Aliro,d1931-92975313aLa noche que atentaron contra el libertador /cAliro Paulino. aSanto Domingo :bMundo Diplomatico Internacional,c1972. a[4 ] p. : ;c22 cm. aCoferencia pronunciada en la Biblioteca Nacional el día 18 de diciembre aBNPD 0010718PDaPDbPDcCTd2011-06-29iLF1l0ossss P328np31677-10r2020-06-25w2020-06-25yLFPDZNo se presta 0010718PDaPDbPDcCTd2011-06-29iLF1l0ossss P328np31677-20r2020-06-25te. 2w2020-06-25yLFPDZNo se presta c31169d31169